000 00326nam a22001337a 4500
008 181106b xxu||||| |||| 00| 0 eng d
020 _a9780940780446
041 _aeng
080 _24th
_a615
100 _a5
101 _aFAR
245 _aClinical Psychopharmacology made ridiculously simple
_cPreston,J
942 _2udc
_cBK
999 _c51991
_d51991